Major Indian export markets. (Record no. 80429)

MARC details
000 -LEADER
fixed length control field 00593cam a22002291 4500
001 - CONTROL NUMBER
control field sa 68004928
003 - CONTROL NUMBER IDENTIFIER
control field DLC
005 - DATE AND TIME OF LATEST TRANSACTION
control field 20260227112505.0
008 - FIXED-LENGTH DATA ELEMENTS--GENERAL INFORMATION
fixed length control field 880406s1966 ii 000 0 eng
010 ## - LIBRARY OF CONGRESS CONTROL NUMBER
LC control number sa 68004928
025 ## - OVERSEAS ACQUISITION NUMBER
Overseas acquisition number PL480:I-E-9944
035 ## - SYSTEM CONTROL NUMBER
System control number (OCoLC)17739778
040 ## - CATALOGING SOURCE
Original cataloging agency DLC
Transcribing agency MiEM
Modifying agency DLC
042 ## - AUTHENTICATION CODE
Authentication code premarc
050 00 - LIBRARY OF CONGRESS CALL NUMBER
Classification number HF3781
Item number .T4
082 ## - DEWEY DECIMAL CLASSIFICATION NUMBER
Classification number 382/.5/025
110 2# - MAIN ENTRY--CORPORATE NAME
Corporate name or jurisdiction name as entry element J. Walter Thompson Company.
Subordinate unit Market Research Department.
245 10 - TITLE STATEMENT
Title Major Indian export markets.
260 ## - PUBLICATION, DISTRIBUTION, ETC.
Place of publication, distribution, etc. Bombay,
Date of publication, distribution, etc. 1966.
300 ## - PHYSICAL DESCRIPTION
Extent 263 p.
Dimensions 29 cm.
651 #0 - SUBJECT ADDED ENTRY--GEOGRAPHIC NAME
Geographic name India
General subdivision Commerce.

No items available.

Powered by Koha